000 00749nam a2200241Ii 4500
003 JO-AjNU
008 230605s9999||||xx |||||||||||||| ||und||
017 _a2003/5/937
020 _a9957-34-002-6
040 _aJO-AjNU
_bara
_erda
_cJO-AjNU
041 _aara
050 1 4 _aBP130.4 2003
100 3 _aأبو صفية، جاسر خليل,
_eauthor
_919628
245 0 0 _aكلمات من القرآن
250 _aط1
264 3 1 _aعمان: دار الجوهرة للنشر والتوزيع، 2003
300 _a297ص
336 _atext
_btxt
_2rdacontent
337 _aunmediated
_bn
_2rdamedia
338 _avolume
_bnc
_2rdacarrier
490 0 _aمن البيان القرآني
650 4 _aالقرآن الكريم- تفسير
_919629
999 _aA6510
_c10078
_d10078